000 00743nam a22002411a 4500
999 _c371
_d371
001 371
003 BD-JhCC
005 20180131123909.0
008 171004s2000 b |||| ||a| 000 0 ben d
020 _a984410162X
035 _a(BD-JhCC)371
040 _aBD-JhCC
_dBD-JhCC
041 _aben
082 _bHAS 2000
_a891.4409
100 _aহাসান,মোরেশদ শিফিউল
245 _aরোকেয়া কালে ও কালোওরে /
_cমোরশেদ শফিউল হাসান
260 _aঢাকা:
_bমাওলা ব্রাদাস,
_c2000
300 _a54 p.:
_c22 cm.
500 _ainclude index
650 _aBangli Novel
942 _2ddc
_cBK